000 01601nam a2200337Ia 4500
001 ebr10106567
003 CaPaEBR
006 m u
007 cr cn|||||||||
008 050220s2004 njua sb 001 0 eng d
020 _z9812389466
040 _aCaPaEBR
_cCaPaEBR
035 _a(OCoLC)228122792
050 1 4 _aQC173.36
_b.D96 2004eb
082 0 4 _a530.4
_222
245 0 0 _aDynamics and bifurcation of patterns in dissipative systems
_h[electronic resource] /
_cedited by Gerhard Dangelmayr, Iuliana Oprea.
260 _aNew Jersey :
_aLondon :
_bWorld Scientific,
_cc2004.
300 _axiii, 389 p. :
_bill.
490 1 _aWorld Scientific series on nonlinear science. Series B, Special theme issues and proceedings ;
_vv. 12
500 _aThis book emerged from a conference of the same name organized by the editors in May 2003 at Colorado State University.
504 _aIncludes bibliographical references and index.
533 _aElectronic reproduction.
_bPalo Alto, Calif. :
_cebrary,
_d2009.
_nAvailable via World Wide Web.
_nAccess may be limited to ebrary affiliated libraries.
650 0 _aPattern formation (Physical sciences)
650 0 _aBifurcation theory.
655 7 _aElectronic books.
_2local
700 1 _aDangelmayr, G.
_q(Gerhard),
_d1951-
700 1 _aOprea, Iuliana.
710 2 _aebrary, Inc.
830 0 _aWorld Scientific series on nonlinear science.
_nSeries B,
_pSpecial theme issues and proceedings ;
_vv. 12.
856 4 0 _uhttp://site.ebrary.com/lib/rucke/Doc?id=10106567
_zAn electronic book accessible through the World Wide Web; click to view
999 _c100505
_d100505